Centroamérica en cifras /

Guardat en:
Dades bibliogràfiques
Autor corporatiu: IICA, FLACSO
Format: Text
Publicat: San José: FLACSO
Etiquetes: Afegir etiqueta
Sense etiquetes, Sigues el primer a etiquetar aquest registre!

MARC

LEADER 00000 a a2200000 04500
001 23546
003
040
020 |a 92-9039-170-7  
090 |a 164700  
110 |a IICA  
245 |a Centroamérica en cifras /  |c IICA  
260 |a San José:   |b FLACSO  
300 |a 245 p   |b **no definido**  
710 |a FLACSO  
999 |c 6431  |d 6431